| 000 | 00822 a2200217 4500 | ||
|---|---|---|---|
| 999 |
_c5472 _d5472 |
||
| 020 | _a0717292746 (set : hardcover : alk. paper) | ||
| 050 | 0 | 0 | _aBJ63.544 ETH 1999 |
| 110 | _aGrolier Educational Corporation. | ||
| 245 | 0 | 0 | _aEthics and values. |
| 264 |
_aDanbury, Conn: _b Grolier Educational Corp, _cC1999 |
||
| 300 |
_a8 v. : _bill. |
||
| 500 | _aIncludes index | ||
| 504 | _aIncludes bibliographical references and index. | ||
| 650 | 0 |
_aEthics _xEncyclopedias, Juvenile. |
|
| 650 | 0 |
_aValues _xEncyclopedias, Juvenile. |
|
| 650 | 1 |
_aEthics _xEncyclopedias. |
|
| 650 | 1 |
_aValues _xEncyclopedias. |
|
| 710 | 2 | _aGrolier Educational Corporation. | |
| 942 |
_2lcc _cBK _h63.544 _iETH _kBJ |
||